00867nam a22002297a 4500008004100000020003000041020002000071020002000091020002000111040001800131041000800149245013000157250001100287260004900298300001800347490002400365505005400389650005800443650004600501700004700547700004300594130821s2003 ck gr spa  a958816057xcobra completa a9588160588cv.1 a9588160596cv.2 a958816060xcv.3 aCo-BoUCMbspa00aspa13aEl agua en la historia de Bogotáceditor Benjamín Villegas ; director de investigación Juan Camilo Rodríguez Gómez. a2a ed. aBogotá (Colombia)bVillegas Editoresc2003 a3 volúmenes 0aVillegas.pHistoria 0gV.1t1538-1937.gV.2t1938-1985.gV.3t1986-2003.04aAbastecimiento de aguaxHistoriazBogotá (Colombia)04aAcueductosxHistoriazBogotá (Colombia)1 aVillegas Jiménez, Benjamínd1948-eed.21aRodríguez Gómez, Juan Camiloedir.